L'action humanitaire non gouvernementale : une diplomatie alternative ? (notice n° 1587204)

détails MARC
000 -LEADER
fixed length control field 01801cam a2200217 4500500
005 - DATE AND TIME OF LATEST TRANSACTION
control field 20251228060535.0
041 ## - LANGUAGE CODE
Language code of text/sound track or separate title fre
042 ## - AUTHENTICATION CODE
Authentication code dc
100 10 - MAIN ENTRY--PERSONAL NAME
Personal name Ryfman, Philippe
Relator term author
245 00 - TITLE STATEMENT
Title L'action humanitaire non gouvernementale : une diplomatie alternative ?
260 ## - PUBLICATION, DISTRIBUTION, ETC.
Date of publication, distribution, etc. 2010.<br/>
500 ## - GENERAL NOTE
General note 16
520 ## - SUMMARY, ETC.
Summary, etc. La progressive structuration en réseaux internationaux des acteurs humanitaires (ONG, Mouvement Croix-Rouge/Croissant-Rouge) a renforcé leur visibilité dans le champ diplomatique. Leur expertise du terrain et de l’assistance, nécessaire à bien des discussions internationales, étend aujourd’hui leur rôle à la médiation des conflits et au lobbying auprès des gouvernements pour promouvoir une certaine idée du droit. Elle leur confère un pouvoir de « diplomatie alternative ». politique étrangère
520 ## - SUMMARY, ETC.
Summary, etc. Philippe Ryfman, Non-Governmental Humanitarian Aid: an Alternative Diplomacy? The progressive structuring of international networks of humanitarian organizations (NGOs, international public organizations or foundations, etc.) has reinforced their visibility in the area of diplomacy. Their grass-roots expertise and experience in assistance, which are necessary to many international discussions, have stretched their mediation role in conflicts and government lobbying to promote a certain notion of law. Despite several persistent criticisms, this has given power to an “alternative diplomacy”.
690 ## - LOCAL SUBJECT ADDED ENTRY--TOPICAL TERM (OCLC, RLIN)
Topical term or geographic name as entry element Diplomatie
690 ## - LOCAL SUBJECT ADDED ENTRY--TOPICAL TERM (OCLC, RLIN)
Topical term or geographic name as entry element Droit international
690 ## - LOCAL SUBJECT ADDED ENTRY--TOPICAL TERM (OCLC, RLIN)
Topical term or geographic name as entry element Humanitaire
690 ## - LOCAL SUBJECT ADDED ENTRY--TOPICAL TERM (OCLC, RLIN)
Topical term or geographic name as entry element Organisations non gouvernementales
786 0# - DATA SOURCE ENTRY
Note Politique étrangère | Autome | 3 | 2010-09-24 | p. 565-578 | 0032-342X
856 41 - ELECTRONIC LOCATION AND ACCESS
Uniform Resource Identifier <a href="https://shs.cairn.info/revue-politique-etrangere-2010-3-page-565?lang=fr&redirect-ssocas=7080">https://shs.cairn.info/revue-politique-etrangere-2010-3-page-565?lang=fr&redirect-ssocas=7080</a>

Pas d'exemplaire disponible.

PLUDOC

PLUDOC est la plateforme unique et centralisée de gestion des bibliothèques physiques et numériques de Guinée administré par le CEDUST. Elle est la plus grande base de données de ressources documentaires pour les Étudiants, Enseignants chercheurs et Chercheurs de Guinée.

Adresse

627 919 101/664 919 101

25 boulevard du commerce
Kaloum, Conakry, Guinée

Réseaux sociaux

Powered by Netsen Group @ 2025